00660nam a22002057a 450000500170000001000130001702000220003003500130005203700160006504000120008108200160009310000210010924501110013026000380024127000660027930000210034550000200036665000450038665000230043120170124110003.0 aA-291380 c00.00a8170720087 aA-291380 bCen Lib/Ret aDPLbEN a342.54bMAR aMarkandan, K. C. aSpirit of the constitution :cby K. C. Markandanbunfolding salient aspects of the Constitution of India / aJalandharbABS Publicationsc1986 bJalandhara27, First Floor, Modern Market, N. G. Roade144001 a272p. c22cm(Hb) aIncludes index  aConstitutional law -- Study and teaching aConstitutional law